| 000 | 01265nac a22003617a 4500 | ||
|---|---|---|---|
| 001 | BR8004830 | ||
| 003 | BR-BrBNA | ||
| 005 | 20240105114752.0 | ||
| 008 | 230509b bl.|||m| |||| 00| 0 por d | ||
| 040 |
_aBR-BrBNA _bpor _cBiblioteca Nacional de Agricultura |
||
| 072 | _aE15 | ||
| 090 | _a0336 BR8004830 | ||
| 100 | 1 | _aOliveira, F.T.G. de | |
| 100 | 1 | _aRoessing, A.C. | |
| 100 | 1 | _aMesquita, C. de M. | |
| 100 | 1 | _aSilva, J.B. da | |
| 100 | 1 | _aQueiroz, E.F. de | |
| 100 | 1 | _aCosta, N.P. | |
| 100 | 1 | _aFranca Netto, J. de B. | |
| 110 | 1 |
_aEmpresa Brasileira de Pesquisa Agropecuaria, Brasilia, DF. Depto. de Difusao de Tecnologia _93869 |
|
| 245 | 1 | _aRetornos dos investimentos em pesquisa feitos pela EMBRAPA: reducao de perdas na colheita da soja [Empresa Brasileira de Pesquisa Agropecuaria, Glycine max] | |
| 260 | 3 |
_aBrasilia, DF (Brasil): _c1980. |
|
| 300 | _a27 p. | ||
| 490 |
_aDocumentos - Empresa Brasileira de Pesquisa Agropecuaria. Depto. de Difusao de Tecnologia (Brazil) _vno. 3 _x |
||
| 650 | _aSOJA | ||
| 650 | _aANALISE ECONOMICA | ||
| 650 | _aPERDA DA PRODUCAO | ||
| 650 | _aTECNOLOGIA AGRICOLA | ||
| 650 | _aCOLHEITA | ||
| 650 | _aMERCADO | ||
| 909 |
_a202312 _bLúcia Elande _c55 _dLúcia Elande |
||
| 942 |
_2AGRIS _n0 _cMS |
||
| 999 |
_c271196 _d271196 |
||